| 000 | 00451pab a2200157 454500 | ||
|---|---|---|---|
| 008 | 180718b1990 xxu||||| |||| 00| 0 eng d | ||
| 100 | _aBolnic, Bruce R. | ||
| 245 |
_aEvaluating the economic impact of a special credit programme _bKIK/KMKP in Indonesia |
||
| 260 | _c1990 | ||
| 300 | _a299-312 | ||
| 362 | _aJan. | ||
| 650 | _aCredit - Evaluation - Indonesia | ||
| 700 | _aEric R. Nelson | ||
| 773 | _aJournal of Development Studies | ||
| 909 | _a6825 | ||
| 999 |
_c6825 _d6825 |
||